| 000 | 00440nam a2200157 i 4500 | ||
|---|---|---|---|
| 001 | 55618 | ||
| 003 | ES-MaACL | ||
| 005 | 20230906163200.0 | ||
| 007 | t| | ||
| 008 | 030924s1965 sp ||||1| spa d | ||
| 245 | 0 | 0 |
_aDeshidrataciones agudas del lactante / _cpor H. Bour ... [et al.]. |
| 260 |
_aBarcelona : _bElicien, _c[1965] |
||
| 300 |
_a154 p. : _bil. ; _c22 cm. |
||
| 700 | 1 |
_aBour, H. _930943 |
|
| 852 |
_aES-MaACL _jC-27810 _bR.56940 |
||
| 999 |
_c55618 _d55618 |
||